000 00680cam a22001934a 4500
005 20250826112043.0
008 250528s ||||||||||||||||||||||||d
035 _a23539
040 _aGR-AtMCL
_bgre
_dGR-AtMCL
_eAACR2
245 1 _aThe Age and Sex Effect on Neuroticism and Agreeableness of Personality Traits from the Big Inventory on Greek Popaulation.
260 _c2017
300 _a40
520 _aIntroduction, Method, Design, Participants, Materials, Process, Results, Discussion, Appendix.
700 1 _aKoukaki Iliana - Georgia
_99114
700 1 _aThomas, George B.
_d1914-2006
_q(George Brinton),
_94575
942 _cDS
999 _c8540
_d8540